| 000 | 00357 a2200169 4500 | ||
|---|---|---|---|
| 001 | 175360 | ||
| 020 | _a85-7056-386-8 | ||
| 040 | _cMagnum | ||
| 100 | _aTundisi, Helena da Silva Freire | ||
| 240 | 1 | 0 |
_aUsos de energia _lpor |
| 245 | 1 | 0 | _aUsos de energia |
| 300 | _a73 | ||
| 362 | 0 | _a1991 | |
| 440 | 1 | _aSaraiva | |
| 697 | _aMISCELÂNEA | ||
| 942 | _cBK | ||
| 999 |
_c175360 _d175360 |
||